| 000 | 00715nam a2200193Ia 4500 | ||
|---|---|---|---|
| 003 | GCL | ||
| 008 | 140319s9999 xx 000 0 ara d | ||
| 040 |
_aGCL / _cGCL |
||
| 082 | 0 | 4 |
_aق _b013.5308 _bم ف |
| 100 | 1 | _aمحمد محمد امين | |
| 245 | 1 | 0 |
_aفهرست وثائق القاهرة حتى نهاية عصر سلاطين المماليك ( 239 - 922 هـ \ 853 - 1516 م ) / _cمحمد محمد امين |
| 250 | _aالاولى | ||
| 260 |
_aالقاهرة : _bالمعهد العلمى الفرنسى |
||
| 300 |
_a564 ص ؛ _c30سم |
||
| 650 | 0 | 4 | _aالعصر المملوكى |
| 650 | 0 | 4 | _aالقاهرة |
| 650 | 0 | 4 | _aوثائق من عصر المماليك - دراسة |
| 942 |
_2ddc _cREF |
||
| 999 |
_c59398 _d59398 |
||